| 000 | 01153cam a22003014a 4500 | ||
|---|---|---|---|
| 999 |
_c990 _d990 |
||
| 001 | 2630898 | ||
| 003 | OSt | ||
| 005 | 20190903092509.0 | ||
| 008 | 990512s2000 caua bi 001 0 eng | ||
| 010 | _a 99030181 | ||
| 020 | _a0534368301 | ||
| 040 |
_aDLC _cDLC _dDLC |
||
| 042 | _apcc | ||
| 050 | 0 | 0 |
_aHD30.215 _b.K45 2000 |
| 082 | 0 | 0 |
_a658.4 _221 _bKEL 2000 |
| 100 | 1 |
_aKeller, Gerald; Warrack, Brian _92668 |
|
| 245 | 1 | 0 | _aStatistics for Management and Economics |
| 250 | _a5th ed. | ||
| 260 |
_aPacific Grove : _bDuxbury Press, _c2000. |
||
| 300 |
_a1 v. (various pagings) : _bcol. ill. ; _c27 cm. + _e1 computer laser optical disc (4 3/4 in.) |
||
| 504 | _aIncludes bibliographical references and index. | ||
| 538 | _aSystem requirements for accompanying computer disc: Windows 98, 95, and Windows NT 3.5.1 or higher ; Power Macintosh or later, OS 7.5 or higher. | ||
| 650 | 0 |
_aStatistics _92669 |
|
| 650 | 0 |
_aManagement _9364 |
|
| 906 |
_a7 _bcbc _corignew _d1 _eocip _f19 _gy-gencatlg |
||
| 942 |
_2ddc _cSLOAN |
||